000 00254nam a22001217a 4500
008 180111b xxu||||| |||| 00| 0 eng d
041 _aeng
080 _a37 MAC
100 _a46
101 _aEDU
245 _aMy new words
_cMacmillan
942 _2udc
_cBK
999 _c40091
_d40091